00382nam a2200157Ia 45000010006000000050017000060080041000230410008000640820018000721000030000902450051001202600009001713000028001806500008002086540008002162470920260414151101.0260414t2018||||xx |||||||||||||| ||spa|| aESP a345.726bA72A aAriano Deho, EugeniaeAUT 0aLas casaciones en el código procesal civilb c2018 a655 páginas :c25 cm. aDER aCDE